Normal view
MARC view
Entry Personal Name
001 - CONTROL NUMBER
- control field: 37783
003 - CONTROL NUMBER IDENTIFIER
- control field: OSt
005 - DATE AND TIME OF LATEST TRANSACTION
- control field: 20230420145147.0
008 - FIXED-LENGTH DATA ELEMENTS
- fixed length control field: 230420|| aca||aabn | a|a d
040 ## - CATALOGING SOURCE
- Original cataloging agency: OSt
- Transcribing agency: OSt
100 ## - HEADING--PERSONAL NAME
- Personal name: Pattnaik, Ayesha
670 ## - SOURCE DATA FOUND
- Source citation: Work cat.: (OSt)521874: Pattnaik, Ayesha, Loyalty, liberty, and the law: Analysing the juxtaposition of nation and citizen in the Indian sedition law
